A carregar...
Chemical senses and nutrition
| Autor principal: | |
|---|---|
| Formato: | Printed Book |
| Idioma: | Undetermined English |
| Publicado em: |
London
Acadamic Press
1977
|
| Assuntos: |
| LEADER | 00496nam a2200157Ia 4500 | ||
|---|---|---|---|
| 008 | 140306s9999 xx 000 0 und d | ||
| 041 | |a eng | ||
| 082 | |a 640 |b KAR/CH | ||
| 100 | |a kARE, m r | ||
| 245 | |a Chemical senses and nutrition | ||
| 260 | |a London |b Acadamic Press |c 1977 | ||
| 300 | |a 488 | ||
| 650 | |a Homescience | ||
| 942 | |2 ddc |c BK | ||
| 999 | |c 112050 |d 112050 | ||
| 952 | |0 0 |1 0 |2 ddc |4 0 |6 640_000000000000000_KARCH |7 0 |9 109798 |a KAUHCV |b KAUHCV |d 2004-04-06 |o 640 KAR/CH |p KAU_HCV-5232 |r 2014-03-22 |w 2014-03-22 |y BK | ||